| 000 | 01004nam a22002777a 4500 | ||
|---|---|---|---|
| 005 | 20170705142759.0 | ||
| 010 | _aENG-108266 | ||
| 020 |
_a9780198083764 _c650.00 |
||
| 020 |
_a0198083769 _c650.00 |
||
| 035 | _aEN-91798 | ||
| 035 | _aB-534983-989 | ||
| 035 | _aB-664578 | ||
| 037 | _bDBAD/PUB | ||
| 037 |
_bBSB/Ven _adpl |
||
| 082 | _a954 | ||
| 100 | _aThapar, Romila | ||
| 245 | 1 | 0 |
_aReadings in early Indian history / _cby Romila Thapar |
| 260 |
_aNew Delhi _bOxford University Press _c2013 |
||
| 270 |
_aYMCA Library Building, 1 Jai Singh Road _bNew Delhi _e110001 |
||
| 300 |
_ax,492p. : _c23cm(pbk) _bmap |
||
| 500 | _aEssays; previously published. | ||
| 500 | _aIncludes bibliographic references and index | ||
| 942 |
_2ddc _cEN _mTHA _h954 |
||
| 999 |
_c78313 _d78313 |
||